000 00630nam a2200265Ia 4500
005 20260121170704.0
008 008 260114s9999 xx 000 0 eng d
020 _a9781484237304
037 _aEBOOK
040 _aCRL
040 _beng
040 _cCRL
041 _2eng
041 _aeng
084 _qCRL
100 _aDavid Both
_91066959
245 4 _aThe Linux Philosophy for SysAdmins
260 _bSpringer
260 _bSpringer
260 _c2018
856 _uhttps://link.springer.com/openurl?genre=book&isbn=978-1-4842-3730-4
942 _cEBOOK
999 _c1632689
_d1632689